000
00276nam a22001097a 4500
082
_a
604.2 HAL'P
100
_a
HALE, E. M,HILL, CARY L,MCGINNIS, HARRY
_9
78172
245
_a
INTRODUCTION TO APPLIED DRAWING
260
_a
ILLINOIS
_b
MCKNIGHT
_c
1962
300
_a
87P
942
_c
BK
999
_c
583334
_d
583334